| 000 | 00359nam a2200109Ia 4500 | ||
|---|---|---|---|
| 008 | 171204s9999 xx 000 0 und d | ||
| 245 | 2 | _aA Practical Guide to Teen Business and Cybersecurity - Volume 1: | |
| 245 | _cJames Scott | ||
| 260 | _c2016 | ||
| 650 | _xField Study 4: Exploring the Curriculum | ||
| 856 | _uhttp://down.ebook777.com/042/9781523217601.pdf | ||
| 999 |
_c345820 _d345820 |
||